Linneana in the collection of the National Agricultural Library (Record no. 12501)

MARC details
000 -LEADER
fixed length control field 00885cam a2200265 4500
001 - CONTROL NUMBER
control field agr68000197
003 - CONTROL NUMBER IDENTIFIER
control field DLC
005 - DATE AND TIME OF LATEST TRANSACTION
control field 20260227111030.0
008 - FIXED-LENGTH DATA ELEMENTS--GENERAL INFORMATION
fixed length control field 690522s1968 dcu b 001 0 eng c
010 ## - LIBRARY OF CONGRESS CONTROL NUMBER
LC control number agr68000197
040 ## - CATALOGING SOURCE
Original cataloging agency U.S. Nat'l. Agr. Libr.
Transcribing agency DLC
Modifying agency DLC
041 0# - LANGUAGE CODE
Language code of text/sound track or separate title engmul
050 00 - LIBRARY OF CONGRESS CALL NUMBER
Classification number Z881.U4
Item number L5 no. 89
070 0# - NATIONAL AGRICULTURAL LIBRARY CALL NUMBER
Classification number 1.916 L612 no. 89
082 00 - DEWEY DECIMAL CLASSIFICATION NUMBER
Classification number 016.581
110 2# - MAIN ENTRY--CORPORATE NAME
Corporate name or jurisdiction name as entry element National Agricultural Library (U.S.)
245 10 - TITLE STATEMENT
Title Linneana in the collection of the National Agricultural Library
Statement of responsibility, etc. [compiled by Mortimer L. Naftalin]
260 ## - PUBLICATION, DISTRIBUTION, ETC.
Place of publication, distribution, etc. Washington,
Date of publication, distribution, etc. 1968.
300 ## - PHYSICAL DESCRIPTION
Extent 43 p.
Dimensions 26 cm.
490 1# - SERIES STATEMENT
Series statement Library list ;
Volume/sequential designation no. 89
600 10 - SUBJECT ADDED ENTRY--PERSONAL NAME
Personal name Linné, Carl von,
Dates associated with a name 1707-1778
General subdivision Bibliography.
600 13 - SUBJECT ADDED ENTRY--PERSONAL NAME
Personal name Linné, Carl von,
Dates associated with a name 1707-1778
General subdivision Bibliography.
700 1# - ADDED ENTRY--PERSONAL NAME
Personal name Naftalin, Mortimer L.,
Dates associated with a name 1921-
810 2# - SERIES ADDED ENTRY--CORPORATE NAME
Corporate name or jurisdiction name as entry element National Agricultural Library (U.S.)
Title of a work Library list ;
Volume/sequential designation 89.

No items available.

Powered by Koha